000 00821nam a2200253Ia 4500
003 OSt
005 20220928101655.0
006 a|||||r|||| 00| 0
007 ta
008 220927b |||||||| |||| 00| 0 san d
024 _a66505
037 _cReference Collections
040 _aSDCL
_cSDCL
_bsan
041 _2san
_asan
082 _aP164,4k, 15P6 RR RR
100 _aRaghunatha Pandit
_9393471
245 0 _aRajavyavaharakosha of Ragunatha pandit
_b Persian-Sanskrit phraseology
260 _aDelhi
_bVidyanidhi Prakashan
_c2006
300 _a110p.
_ccm.
650 _aPhraseology
_9393472
700 _a Bharadwaj Ramesh Ed.
_9393473
942 _hP164,4k, 15P6 RR RR
_cREF
_2CC
999 _c709114
_d709114